| 000 | 00477nam a2200181Ia 4500 | ||
|---|---|---|---|
| 008 | 130318s9999 xx 000 0 und d | ||
| 020 | _a8175154489 | ||
| 082 | _a658.31125 WEI/B | ||
| 100 | _aWeiner-Green, Sharon | ||
| 245 | _aBarron's how to prepare for the GRE: Graduate Record Examination | ||
| 250 | _a16 | ||
| 260 |
_bGalgotia _aNew Delhi _c2005 |
||
| 300 |
_a543 _e1 CD |
||
| 650 | _aGRE | ||
| 650 | _aPERSONNEL MANAGEMENT | ||
| 650 | _aTESTING | ||
| 700 | _aWolf, Ira K | ||
| 999 |
_c963 _d963 |
||